000 00721cam a22002054a 4500
005 20250605164211.0
008 250528s ||||||||||||||||||||||||d
035 _a20247
020 _a715719882
040 _aGR-AtMCL
_bgre
_dGR-AtMCL
_eAACR2
245 1 _aPhysics / For First Examinations
260 _bHolmes Mcdougall Ltd,
_c1981
300 _a256
520 _aPreface, Units, Astronomy, Light, Using Light, Waves, What is Matter?, Heat, Using Heat, Pushing and Pulling, Movement, Liquids and Gases, Magnetism, Electricity, Supply and Control of Electricity, Energy of the Atom, Index.
700 1 _aDavies David
_96272
700 1 _aMccullough David
_96273
942 _cBK
999 _c5380
_d5380